|
|
|
|
| LEADER |
00924nam a2200229 a 4500 |
| 001 |
000486084 |
| 003 |
CZ BrMZK |
| 005 |
20020830095255.0 |
| 008 |
010907s1981 xr cze d |
| 040 |
|
|
|a BOA001
|b cze
|c BOA002
|
| 100 |
1 |
|
|a Zelenková, Dáša
|4 aut
|
| 245 |
1 |
0 |
|a Vlastivěda ve 4. ročníku zvláštní školy :
|b (tematické rozvržení učiva) /
|c Dáša Zelenková
|
| 260 |
|
|
|a České Budějovice :
|b Krajský pedagogický ústav,
|c 1981
|
| 300 |
|
|
|a 8 s.
|
| 490 |
1 |
|
|a Metodické materiály. řada A
|
| 500 |
|
|
|a Rozmnoženo
|
| 710 |
2 |
|
|a Krajský pedagogický ústav (České Budějovice, Česko)
|7 mzk2006340937
|
| 830 |
|
0 |
|a Metodické materiály. řada A
|
| 910 |
|
|
|a BOA001
|b PK-N-0021.008
|
| 964 |
|
|
|a Vlastivěda - učivo - rozvržení tematické - listy metodické - školy zvláštní
|
| 990 |
|
|
|a BK
|
| 996 |
7 |
|
|b 3119836244
|c PK-N-0021.008
|l MZK
|r Sklad / do 1 hodiny
|n 0
|w 000486084
|u 000010
|a 1
|e BOA001
|j MZK50
|s A
|